000 00286nam a2200121Ia 4500
008 220216s9999 xx 000 0 und d
100 _aDuckworth I H
245 0 _aCreamed latex
260 _bProceedings of the IRI
_c1965
300 _a134-147
650 _aCreamed altex
942 _cJS
999 _c56496
_d56496